Учебно-методическое пособие по прохождению преддипломной практики для обучающихся по направлению подготовки 38.04.01 «Экономика» профиль «Финансы»
| 1. Verfasser: | |
|---|---|
| Weitere Verfasser: | , , |
| Zusammenfassung: | Учебно-методическое пособие рассмотрено и утверждено на заседаниях кафедры «Финансы, инвестиции и кредит» (протокол №7 от 25.01.2016г.), методической комиссии экономического факультета (протокол № 9 от 11.02.2016г.) и методического совета ФГБОУ ВО Орловский государственный аграрный университет (протокол № 6 от 17.02.2016г.). Книга из коллекции ОрелГАУ - Экономика и менеджмент |
| Veröffentlicht: |
Орел, ОрелГАУ, 2016
|
| Schlagworte: | |
| Online-Zugang: | https://e.lanbook.com/book/106972 https://e.lanbook.com/img/cover/book/106972.jpg |
| Format: | MixedMaterials Elektronisch Buch |
MARC
| LEADER | 00000nam0a2200000 i 4500 | ||
|---|---|---|---|
| 001 | RU-LAN-BOOK-106972 | ||
| 100 | |a 20250516d2016 k y0rusy01020304ca | ||
| 101 | 0 | |a rus | |
| 102 | |a RU | ||
| 105 | |a y j 000zy | ||
| 106 | |a z | ||
| 200 | 1 | |a Учебно-методическое пособие по прохождению преддипломной практики для обучающихся по направлению подготовки 38.04.01 «Экономика» профиль «Финансы» |b Электронный ресурс |f Чистякова М. К.,Дударева А. Б.,Кузнецова Е. Д.,Сидорин А. А. | |
| 210 | |a Орел |b Орел |c ОрелГАУ |d 2016 | ||
| 215 | |a 28 с. | ||
| 330 | |a Учебно-методическое пособие рассмотрено и утверждено на заседаниях кафедры «Финансы, инвестиции и кредит» (протокол №7 от 25.01.2016г.), методической комиссии экономического факультета (протокол № 9 от 11.02.2016г.) и методического совета ФГБОУ ВО Орловский государственный аграрный университет (протокол № 6 от 17.02.2016г.). | ||
| 333 | |a Книга из коллекции ОрелГАУ - Экономика и менеджмент | ||
| 610 | 0 | |a цели преддипломной практики | |
| 610 | 0 | |a задачи преддипломной практики | |
| 610 | 0 | |a место преддипломной практики в структуре опоп во | |
| 610 | 0 | |a организация преддипломной практики | |
| 610 | 0 | |a место и время прохождения практики | |
| 610 | 0 | |a структура и этапы прохождения преддипломной практики | |
| 610 | 0 | |a особенности прохождения преддипломной практики лицами с ограниченными возможностями здоровья | |
| 610 | 0 | |a требования к результатам преддипломной практики | |
| 610 | 0 | |a оформление и защита отчета о преддипломной практике | |
| 610 | 0 | |a оформление отчета о преддипломной практике | |
| 610 | 0 | |a защита отчета о преддипломной практике. критерии оценивания | |
| 610 | 0 | |a учебно-методическое обеспечение прохождения преддипломной практики | |
| 610 | 0 | |a информационное обеспечение прохождения преддипломной практики | |
| 610 | 0 | |a материально-техническое обеспечение преддипломной практики | |
| 610 | 0 | |a рекомендуемая литература | |
| 610 | 0 | |a рекомендуемые обучающие программы | |
| 610 | 0 | |a контролирующие и прочие компьютерные программы | |
| 610 | 0 | |a прохождения преддипломной практики обучающегося направления подготовки 38.04.01 экономика | |
| 675 | |a 336:339.923 (075.8) | ||
| 686 | |a 65.261.91л73 |2 rubbk | ||
| 700 | 1 | |a Чистякова |b М. К. | |
| 701 | 1 | |a Дударева |b А. Б. | |
| 701 | 1 | |a Кузнецова |b Е. Д. | |
| 701 | 1 | |a Сидорин |b А. А. | |
| 801 | 1 | |a RU |b Издательство Лань |c 20250516 |g RCR | |
| 856 | 4 | |u https://e.lanbook.com/book/106972 | |
| 856 | 4 | 1 | |u https://e.lanbook.com/img/cover/book/106972.jpg |
| 953 | |a https://e.lanbook.com/img/cover/book/106972.jpg | ||